| 000 | 00676nam a2200229Ia 4500 | ||
|---|---|---|---|
| 003 | GCL | ||
| 008 | 140319s9999 xx 000 0 ara d | ||
| 040 |
_aGCL / _cGCL |
||
| 082 | 0 | 4 |
_a191 _bز ق |
| 100 | 1 | _aزكى نجيب محمود | |
| 245 | 1 | 0 |
_aقصة عقل / _cزكى نجيب محمود |
| 250 | _aالثانية | ||
| 260 |
_aالقاهرة : _bدار الشروق ، _c1993 |
||
| 300 |
_a358 ؛ _c20 سم |
||
| 490 |
_aمكتبة زكى نجيب محمود _v0 |
||
| 650 | 0 | 4 | _aالفلسفة |
| 650 | 0 | 4 | _aنظريات |
| 650 | 0 | 4 | _aالفلسفة العربية |
| 650 | 0 | 4 | _aالمعرفة |
| 650 | 0 | 4 | _aالفلسفة الشخصية |
| 942 |
_2ddc _cBK |
||
| 999 |
_c29297 _d29297 |
||